Normal view
MARC view
Entry Personal Name
001 - CONTROL NUMBER
- control field: 82103
003 - CONTROL NUMBER IDENTIFIER
- control field: dpl
005 - DATE AND TIME OF LATEST TRANSACTION
- control field: 20250617114236.0
008 - FIXED-LENGTH DATA ELEMENTS
- fixed length control field: 250617|| aca||aabn | a|a d
040 ## - CATALOGING SOURCE
- Original cataloging agency: dpl
- Transcribing agency: dpl
100 ## - HEADING--PERSONAL NAME
- Personal name: टंडन, संतप्रसाद
670 ## - SOURCE DATA FOUND
- Source citation: Work cat.: (dpl)211849: टंडन, संतप्रसाद ,, हिंदी के पर्याय राजषि पुरूषोतम दास टंडन /
